000 00704cam a22002534a 4500
008
020 _a0273658131 (pbk.)
049 _aMAIN
090 _aHB171.5
_bPAR
100 1 _aParkin, Michael.
245 0 _aEconomics /
_cMichael Parkins, Melanie Powell and Kent Mathews.
250 _a5th ed.
260 _aHarlow :
_bAddison Wesley,
_c2003.
300 _axxxi, 841 p. :
_bcol. ill. ;
_c26 cm.
500 _aIncludes index.
650 0 _aEconomics.
700 _aPowell, Mellanie.
700 _aMatthew, Kent.
907 _a.b10280595
_b12-07-12
_c16-08-10
003
005 20230123125329.0
040 _cNUST
942 _cBOOKS
_kHB171.5
_mPAR
999 _c139687
_d139687